| 000 | 00472nam a2200181Ia 4500 | ||
|---|---|---|---|
| 005 | 20250508152905.0 | ||
| 008 | 008 250505s9999 xx 000 0 hin d | ||
| 037 | _aTextual | ||
| 040 |
_aFEDL _beng _cFEDL |
||
| 041 |
_ahin _2hin |
||
| 084 |
_a375.3, YAD _qFEDL |
||
| 100 |
_aYadav Basti Ram _9762663 |
||
| 245 | 0 | _aSamajik gyan | |
| 260 |
_aAllahabad, India _bKitab Mahal |
||
| 300 | _a221p | ||
| 942 |
_cTEXL _h375.3, YAD |
||
| 999 |
_c1339435 _d1339435 |
||